000 03454nab a2200373 i 4500
003 BR-BrBNA
005 20240711111155.0
008 240711b2016 bl.qr|pooa||| 00| 0 por |
040 _aBR-BrBNA
_bpor
072 _aF60
072 _aP35
100 _aSilva, C.B.
100 _aOliveira, M.
100 _aDias, J.F.
100 _aZanin, S.M.W.
100 _aSantos, G.O.
100 _aCândido, A.C.S.
100 _aPeres, M.T.L.P.
100 _aSimionatto, E.
100 _aMiguel, O.G.
100 _aMiguel, M.D.
245 _aAtividade alelopática dos lixiviados de Asemeia extraaxillaris (Polygalaceae) sobre o crescimento de Ipomoea cordifolia
500 _aPublicação on-line; 36 ref.; 2 tables; 3 illus.; Summaries (En, Pt)
520 _a RESUMO: O objetivo desse trabalho foi avaliar a atividade alelopática dos lixiviados das raízes e folhas secas de Asemeia extraaxillaris sobre o crescimento de corda de viola Ipomoea cordifolia em casa de vegetação, para avaliação dos efeitos sobre o estresse oxidativo. Nos bioensaios foram utilizadas três concentrações (0,25 - 5,00 e 10,00 g) e um controle, com quatro repetições de 10 plantas, cultivadas em solo durante 30 dias. Os lixiviados possuem ação alelopática e o maior efeito foi verificado para o pó das raizes. O efeito inibitório foi dose-dependente e o aumento do estresse oxidativo foi observado pelos níveis da catalase, peroxidase, superóxido dismutase, glutationa redutase, peroxidação lipídica e síntese de formazan. Concluiu-se que A. extraaxillaris possui substâncias capazes de afetar a emergência, o crescimento e o estresse oxidativo de I. cordifolia. Palavras chave: estresse oxidativo, lixiviação, fitoherbicida, mentol-do-campo, corda-de-viola.
520 _a ABSTRACT: Allelopathic activity of leachates from Asemeia extraaxillaris (Polygalaceae) on the growth of Ipomoea cordifolia. The purpose of this article is to assess the allelopathic activity of leachates from the roots and dried leaves of Asemeia extraaxillaris on the germination and growth of corda de viola (Ipomoea cordifolia) in a greenhouse, and evaluate its effect on oxidative stress. For the bioassays, three concentrations (0.25, 5.00, and 10.00 g) and one control were used, with four replications of 10 plants, cultivated in soil for 30 days. The leachates exhibited allelopathic action, and the greatest effect was found in the root powder. The inhibitory effect was dose-dependent and the increase in oxidative stress was observed by the levels of catalase, peroxidase, superoxide dismutase, glutathione reductase, lipid peroxidation, and formazan synthesis. It was affirmed that A. extraaxillaris contains substances capable of affecting seedling emergence, growth, and oxidative stress in I. cordifolia. Keywords: oxidative stress, leachates, phyto herbicide, mentol-do-campo, corda-de-viola.
650 _aOXIDAÇÃO
650 _aLIXIVIAÇÃO
650 _aHERBICIDA
650 _aCORDA DE VIOLA
773 0 _03543
_9316623
_dBotucatu-SP Instituto de Biociências - Departamento de Química e Bioquímica 1998
_o2024-3140
_tRevista Brasileira de Plantas Medicinais (Brazil)
_x1516-0572
_gv. 18 1(suppl. 1) p. 215-222; (2016)
_wBR2024001505
856 _uhttps://www.scielo.br/j/rbpm/a/r4MgbYLPYM7fNyH8hPNtRqb/?format=pdf&lang=pt
942 _cAnalítica
999 _c300476
_d300476